LEADER 01149nam a2200313 i 4500 001 991001267169707536 005 20020507190315.0 008 971124s1996 ja ||| | eng d 020 $a4314101199 035 $ab10823797-39ule_inst 035 $aLE01309606$9ExL 040 $aDip.to Matematica$beng 082 0 $a511.6 084 $aAMS 05-06 084 $aAMS 05E 245 10$aProgress in algebraic combinatorics /$cedited by E. Bannai and A. Munemasa 260 $aTokyo :$bPublished for the Mathematical Society of Japan by Kinokuniya,$cc1996 300 $axv, 453 p. :$bill. ;$c24 cm 490 0 $aAdvanced studies in pure mathematics ;$v24 500 $aChief Editor: T. Oda (Tohoku university) 650 4$aAlgebraic combinatorics$xCongresses 700 1 $aBannai, E. 700 1 $aMunemasa, A. 907 $a.b10823797$b23-02-17$c28-06-02 912 $a991001267169707536 945 $aLE013 05E BAN11 (1996)$g1$i2013000095196$lle013$o-$pE0.00$q-$rl$s- $t0$u3$v0$w3$x0$y.i10931417$z28-06-02 996 $aProgress in algebraic combinatorics$978894 997 $aUNISALENTO 998 $ale013$b01-01-97$cm$da $e-$feng$gxx $h0$i1 LEADER 01271nam a2200313 i 4500 001 991000940449707536 008 050404s2004 njuaf b 000 0 eng d 020 $a9812560122 035 $ab13296279-39ule_inst 040 $aDip.to Matematica$beng 082 0 $a519.2$222 084 $aAMS 01A75 084 $aLC QA273.C576 100 1 $aChung, Kai Lai$012286 245 10$aChance & choice :$bmemorabilia /$cKai Lai Chung 246 3 $aChance and choice 260 $a[River Edge] New Jersey :$bWorld Scientific,$cc2004 300 $aix, 304 p., [12] p. of plates :$bill. ;$c26 cm 504 $aIncludes bibliographical references 650 0$aProbabilities 650 0$aStochastic processes 907 $a.b13296279$b23-09-08$c01-04-05 912 $a991000940449707536 945 $aLE013 01A75 CHU11 (2004)$g1$i2013000290034$lle013$op$pE50.43$q-$rl$s- $t0$u0$v0$w0$x0$y.i14057359$z05-05-05 945 $aLE025 ECO 519.2 CHU01.02$g1$i2025000128187$lle025$o-$pE50.67$q-$rl$s- $t0$u0$v0$w0$x0$y.i14311604$z06-11-06 945 $aLE025 ECO 519.2 CHU01.02$g2$i2025000120891$lle025$o-$pE0.00$q-$rl$s- $t0$u0$v0$w0$x0$y.i14577227$z10-10-07 996 $aChance & choice$91104563 997 $aUNISALENTO 998 $ale013$ale025$b01-04-05$cm$da $e-$feng$gnju$h0$i0